Southville International School and Colleges
Your cart is empty.
  • Cart
  • Lists
    Public lists Eva Luna New books Lux_list list_1
    Your lists Log in to create your own lists
  • Log in to your account
  • Your cookies
  • Search history
Southville International School and Colleges
  • Advanced search
  • Recent comments
  • Most popular
  • Libraries

Log in to your account

Log in with GOOGLE


If you do not have an external account, but do have a local account, you can still log in:

  1. Home
  2. MARC view: The king and the gardener /
Normal view MARC view ISBD view

The king and the gardener / (Record no. 355644)

[ view plain ]
MARC details
000 -LEADER
fixed length control field 00525nam a2200193Ia 4500
008 - FIXED-LENGTH DATA ELEMENTS--GENERAL INFORMATION
fixed length control field 180207s9999 xx 000 0 und d
020 ## - INTERNATIONAL STANDARD BOOK NUMBER
International Standard Book Number 9780590688383
050 ## - LIBRARY OF CONGRESS CALL NUMBER
Item number B565 2000
100 ## - MAIN ENTRY--PERSONAL NAME
Personal name Betz, Adrienne
245 #4 - TITLE STATEMENT
Title The king and the gardener /
245 ## - TITLE STATEMENT
Statement of responsibility, etc by Adrienne Betz ; illustrated by Christina Ong.
260 ## - PUBLICATION, DISTRIBUTION, ETC. (IMPRINT)
Place of publication, distribution, etc New York :
260 ## - PUBLICATION, DISTRIBUTION, ETC. (IMPRINT)
Name of publisher, distributor, etc Scholastic,
260 ## - PUBLICATION, DISTRIBUTION, ETC. (IMPRINT)
Date of publication, distribution, etc 2000
300 ## - PHYSICAL DESCRIPTION
Extent 24 pages :
300 ## - PHYSICAL DESCRIPTION
Other physical details chiefly colored ;
300 ## - PHYSICAL DESCRIPTION
Dimensions 23cm.
440 ## - SERIES STATEMENT/ADDED ENTRY--TITLE
Title Scholastic at home phonics reading program.
Holdings
Withdrawn status Lost status Damaged status Home library Current library Date acquired Total Checkouts Full call number Barcode Date last seen Price effective from Koha item type
      Stonyhurst Southville International School (Malarayat) Stonyhurst Southville International School (Malarayat) 02/07/2018   ER B565 2000 SSISM5189 02/07/2018 02/07/2018 Books

The king and the gardener /

APA

Betz A., .The king and the gardener. New York: .

Chicago

Betz Adrienne, .The king and the gardener. New York: .

Harvard

Betz A., .The king and the gardener. New York: .

MLA

Betz Adrienne, .New York: . .

  • Place hold
  • Print
  • Cite
  • Add to your cart (remove)
  • Save record
    BIBTEX Dublin Core MARCXML MARC (non-Unicode/MARC-8) MARC (Unicode/UTF-8) MARC (Unicode/UTF-8, Standard) MODS (XML) RIS
  • More searches
    Search for this title in:
    Other Libraries (WorldCat) Other Databases (Google Scholar) Online Stores (Bookfinder.com) Open Library (openlibrary.org)

Exporting to Dublin Core...

SOUTHVILLE LIBRARY

Southville International School and Colleges Library

1281 Tropical Ave. Cor. Luxembourg St., BF Homes International, Las Pinas City

Tel. No. 8256374 / 252358 Loc. 117/146

Powered by Koha